| 000 | 00886nam a22002177a 4500 | ||
|---|---|---|---|
| 001 | 76146 | ||
| 003 | BD-RjUL | ||
| 005 | 20211209082811.0 | ||
| 008 | 191103s2019 bg ||||| |||| 00| 0 ben d | ||
| 035 | _a(BD-RjUL)76367 | ||
| 040 |
_aBD-RjUL _beng _cBD-RjUL |
||
| 041 | _aeng | ||
| 082 |
_223 _a954.9205 _bZAC 2019 |
||
| 100 |
_aজয়েনউদদীন, খালেক বিন _9135503 |
||
| 245 |
_aছোটদের বঙ্গবন্ধু শেখ মুজিবুর রহমান / _cখালেক বিন জয়েনউদদীন |
||
| 264 |
_aঢাকা : _bআরো প্রকাশন, _c২০১৯ |
||
| 300 |
_a২৫৫ পৃ. ; _c২২ সেমি. |
||
| 600 |
_aMujibur Rahman, _c Sheikh, _d1920-1975 _9234401 |
||
| 600 |
_aমুজিবুর রহমান, _cশেখ, _d১৯২০-১৯৭৫ _9234402 |
||
| 942 |
_2ddc _cBK |
||
| 999 |
_c76146 _d76146 |
||